Rental housing (Record no. 163633)
[ view plain ]
| 000 -LEADER | |
|---|---|
| fixed length control field | 01631nam a2200361 a 4500 |
| 082 04 - DEWEY DECIMAL CLASSIFICATION NUMBER | |
| Classification number | 333.33/8 |
| 100 1# - MAIN ENTRY--AUTHOR NAME | |
| Personal name | Peppercorn, Ira Gary. |
| 245 10 - TITLE STATEMENT | |
| Title | Rental housing |
| 260 ## - PUBLICATION, DISTRIBUTION, ETC. (IMPRINT) | |
| Place of publication | Washington, D.C. : |
| Name of publisher | World Bank, |
| Year of publication | c2013. |
| 300 ## - PHYSICAL DESCRIPTION | |
| Number of Pages | 1 online resource (xxv, 146 p.). : |
| Other physical details | ill., charts. |
| 490 1# - SERIES STATEMENT | |
| Series statement | Directions in development Finance |
| 650 #0 - SUBJECT ADDED ENTRY--TOPICAL TERM | |
| Topical Term | Rental housing |
| Topical Term | Housing policy |
| 700 1# - ADDED ENTRY--PERSONAL NAME | |
| Personal name | Taffin, Claude. |
| 856 40 - ELECTRONIC LOCATION AND ACCESS | |
| Uniform Resource Identifier | http://site.ebrary.com/lib/rucke/Doc?id=10672814 |
| 588 ## - | |
| -- | Description based on online resource; title from title page (ebrary, viewed April 18, 2013). |
No items available.
